<?xml version="1.0" encoding="UTF-8"?>
<record
    xmlns:xsi="http://www.w3.org/2001/XMLSchema-instance"
    xsi:schemaLocation="http://www.loc.gov/MARC21/slim http://www.loc.gov/standards/marcxml/schema/MARC21slim.xsd"
    xmlns="http://www.loc.gov/MARC21/slim">

  <leader>00681nab a2200193uuc4500</leader>
  <controlfield tag="001">1019317</controlfield>
  <controlfield tag="005">20240229085442.0</controlfield>
  <controlfield tag="008">070305e20061001                    spa  </controlfield>
  <datafield tag="035" ind1=" " ind2=" ">
    <subfield code="a">1019317</subfield>
  </datafield>
  <datafield tag="035" ind1=" " ind2=" ">
    <subfield code="a">(OCoLC)820151053</subfield>
  </datafield>
  <datafield tag="040" ind1=" " ind2=" ">
    <subfield code="c">comduadb</subfield>
  </datafield>
  <datafield tag="041" ind1=" " ind2=" ">
    <subfield code="a">spa</subfield>
  </datafield>
  <datafield tag="100" ind1="1" ind2="0">
    <subfield code="a">Garcia Bacete, Francisco J.</subfield>
    <subfield code="4">aut</subfield>
    <subfield code="e">aut</subfield>
    <subfield code="9">355265</subfield>
  </datafield>
  <datafield tag="245" ind1="1" ind2="0">
    <subfield code="a">Como son y como podrian ser las relaciones entre escuela y familias en opinion del profesorado</subfield>
  </datafield>
  <datafield tag="650" ind1=" " ind2="7">
    <subfield code="a">Familia y ense&#xF1;anza</subfield>
    <subfield code="2">embne</subfield>
    <subfield code="9">56620</subfield>
  </datafield>
  <datafield tag="650" ind1=" " ind2=" ">
    <subfield code="a">Padres y maestros</subfield>
    <subfield code="9">108</subfield>
  </datafield>
  <datafield tag="773" ind1="0" ind2=" ">
    <subfield code="t">Cultura y Educaci&#xF3;n (Madrid)</subfield>
    <subfield code="g">Volumen 18, N&#xFA;mero 03-04, Octubre-Diciembre 2006, p. 247-265</subfield>
    <subfield code="w">110719</subfield>
    <subfield code="x">1135-6405</subfield>
    <subfield code="0">88459</subfield>
  </datafield>
  <datafield tag="942" ind1=" " ind2=" ">
    <subfield code="c">ARIMP</subfield>
  </datafield>
  <datafield tag="999" ind1=" " ind2=" ">
    <subfield code="c">414248</subfield>
    <subfield code="d">414248</subfield>
  </datafield>
</record>
